000 00737nam a2200229Ii 4500
003 JO-AjNU
008 230605s9999||||xx |||||||||||||| ||und||
017 _a2005/2/286
020 _a9957-11-600-2
040 _aJO-AjNU
_bara
_erda
_cJO-AjNU
041 _aara
050 1 4 _aQA 135 .5 .H363 2005
100 3 _aحمدان، فتحي خليل ,
_eauthor
_922526
245 0 0 _a أساليب تدريس الرياضيات
264 3 1 _aعمان:دار وائل، 2005
300 _a277ص
336 _atext
_btxt
_2rdacontent
337 _aunmediated
_bn
_2rdamedia
338 _avolume
_bnc
_2rdacarrier
490 0 _a سلسلة طرائق التدريس 3 
650 4 _a الرياضيات -- دراسة وتعليم 
_922527
999 _aA8011
_c11579
_d11579